000 02824nam a2200325 a 4500
001 in00024312582
003 BJBSDDR
005 20260414123937.0
007 ta
008 250828s2025 txu 000 0 eng
010 _a 2025919089
040 _aDLC
_beng
_erda
_cDLC
041 _aeng
042 _apcc
050 _bJ17h 2025
100 1 _aJacobs, Brad,
_d1956-
_eauthor.
_947926
245 1 0 _aHow to make a few more billion dollars /
_cBrad Jacobs.
263 _a2512
264 1 _aAustin :
_bGreenleaf Book Group Press,
_c2025.
300 _a280 pages ;
_c24 cm.
336 _atext
_btxt
_2rdacontent
337 _aunmediated
_bn
_2rdamedia
338 _avolume
_bnc
_2rdacarrier
505 _a Finding your center - meditation and mental synthesis Making your way back to center Choosing the right industry to consolidate Raising tons of money Mastering the integration playbook Organizational integration Tech integration Conclusion: The ultimate opportunity Appendix 1. Summary of book one : How to Make a Few Billion Dollars (2023) Appendix 2. Timeline of unnatural selection Appendix 3. Humanity's 13.8-billion-year profit and loss statement Appendix 4. Thought experiments Appendix 5. Sources of equity capital
520 _are you ready to sharpen the skills that fuel extraordinary success? In this sequel to his bestselling How to Make a Few Billion Dollars, renowned entrepreneur Brad Jacobs delivers a detailed playbook for mastering business success at scale. He explains how to partner with the smartest global investors, integrate acquisitions into cohesive profit engines, and build organizations where culture, compensation, and talent are perfectly aligned. How to Make a Few More Billion Dollars is both a practical how-to manual and a wealth of fresh insights you can apply to your own ambitions. Jacobs reveals a wealth of proven techniques for cultivating a winning mindset--the foundation of his formidable track record as a Wall Street moneymaker. He details the meditation and psychological tools he uses to stay centered amid chaos, lead with clarity, and reframe irrational beliefs and cognitive distortions. His step-by-step mindfulness methods apply to any goal, whether you want to transform a global industry or create monumental value in any other area. Jacobs concludes by distilling 2.6 million years of technological and tool-making evolution before confronting the responsibilities leaders face in shaping the future of AI. He presents four potential outcomes for humanity--from collapse to utopia--and argues that our choices right now will determine whether we merely survive or truly thrive at levels once unimaginable."-
906 _a0
_bibc
_corignew
_d2
_eepcn
_f20
_gy-gencatlg
942 _2lcc
_cBK
_n0
946 _idpf
999 _c126792
_d126792